| 000 | 01249nam a22002177a 4500 | ||
|---|---|---|---|
| 008 | 101212t xxu||||| |||| 00| 0 eng d | ||
| 020 | _a977502305X | ||
| 082 |
_a338.72953 _bق ط ا |
||
| 245 |
_aورشة عمل . دور القطاع الخاص في التنمية الاقتصادية والاجتماعية في الوطن العربي،القاهرة 7-8 ديسمبر2003) / _cتحرير علي عبد العزيز سليمان، محمود عبد الحي صلاح |
||
| 260 |
_aالقاهرة : _bمعهد التخطيط القومي، 2004 _c2004 |
||
| 300 |
_a378 ص : _bأيض ، _c18 سم |
||
| 500 | _aبعض النصوص متاحة باللغة الانجليزية | ||
| 504 | _aببليوجرافية ص 378 | ||
| 650 |
_921481 _aالقطاع الخاص |
||
| 651 |
_921482 _aالعالم العربي _xالتنمية الاقتصادية |
||
| 651 |
_921483 _aالعالم العربي _xالتنمية الاجتماعية |
||
| 700 |
_921478 _aسليمان ، علي عبد العزيز |
||
| 700 |
_921484 _aصلاح، محمود عبد الحي |
||
| 942 |
_2ddc _cBB |
||
| 999 |
_c14876 _d14876 |
||